| 000 | 00858nam a22002417a 4500 | ||
|---|---|---|---|
| 999 |
_c11211 _d11211 |
||
| 003 | AR-CdUCM | ||
| 008 | 190403b ||||| |||| 00| 0 spa d | ||
| 040 |
_aMUNICIPALIDAD PROVINCIAL DEL CUSCO _cBIBLIOTECA MUNICIPAL DEL CUSCO |
||
| 082 |
_a869.56 / _bV18C / 1948 |
||
| 100 |
_aValcarcel, Gustavo _9737 |
||
| 245 | _aConfín del tiempo y de la rosa / | ||
| 260 |
_aLima : _bInstituto de Periodismo Facultad de Letras, _c1948. |
||
| 300 |
_a73 páginas ; _c21 cm. |
||
| 500 | _a "Premio Nacional de Poesía: 1947, y 1er. premio en los juegos Florales Universitarios: 1947. | ||
| 505 | _aContenido: Poesías. | ||
| 650 |
_aLiteratura Peruana _9132 |
||
| 650 |
_aSiglo XX _98 |
||
| 650 |
_aPoesía _9139 |
||
| 700 |
_aAbril, Xavier (prólogo) _928452 |
||
| 710 |
_aUniversidad Nacional Mayor de San Marcos _95627 |
||
| 942 |
_2ddc _cLIBROS |
||
| 945 | _aachl | ||